000 00644nam a2200229Ia 4500
003 OSt
005 20221005133701.0
006 a|||||r|||| 00| 0
007 ta
008 221004b |||||||| |||| 00| 0 pan d
024 _a27801
037 _cTextual
040 _aCRL
_cCRL
_bpan
041 _2pan
_apan
082 _aV236:12wL91, 153H9
100 _aਤ੍ਰਲੋਕ ਸਿੰਘ
245 0 _aਅਣਖੀਲਾ ਜਰਨੈਲ
260 _c1949
650 _aਭਾਰਤੀਯ ਇਤਿਹਾਸ
942 _hV236:12wL91, 153H9
_cTEXL
_2cc
999 _c1067544
_d1067544